Memorias : (Registro nro. 8071)

Detalles MARC
000 -LEADER
fixed length control field 01955nam a2200193Ia 4500
003 - CONTROL NUMBER IDENTIFIER
control field OSt
005 - DATE AND TIME OF LATEST TRANSACTION
control field 20210826155704.0
008 - FIXED-LENGTH DATA ELEMENTS--GENERAL INFORMATION
fixed length control field 210310s1993 ck fr 100 0 spa d
040 ## - CATALOGING SOURCE
Original cataloging agency CO-JMCR
Transcribing agency CO-JMCR
041 0# - LANGUAGE CODE
Language code of text/sound track or separate title spa
082 04 - DEWEY DECIMAL CLASSIFICATION NUMBER
Classification number 332.642 /
Item number E562b3
Edition number 23
111 2# - MAIN ENTRY--MEETING NAME
Meeting name or jurisdiction name as entry element Encuentro de Comisionistas
Number of part/section/meeting (8° :
Date of meeting or treaty signing 1993 :
Location of meeting Cartagena)
9 (RLIN) 39740
245 10 - TITLE STATEMENT
Title Memorias :
Remainder of title VIII Encuentro Nacional de Comisionistas de Bolsas de Valores /
Statement of responsibility, etc. Bolsas de Valores de Bogotá, Medellín y Occidente
260 ## - PUBLICATION, DISTRIBUTION, ETC.
Place of publication, distribution, etc. Cartagena :
Name of publisher, distributor, etc. Bolsa de Valores de Colombia,
Date of publication, distribution, etc. 1993
300 ## - PHYSICAL DESCRIPTION
Extent 121 páginas ;
Dimensions 27 cm.
505 0# - FORMATTED CONTENTS NOTE
Title Sesión de Apertura. Palabras del Presidente de la Bolsa de Bogotá /
Statement of responsibility Doctor Daniel Mazuera Gómez<br/>
Title Instalación del Encuentro a cargo del Señor Superintendente de Valores. /
Statement of responsibility Doctor Luis Fernando López Roca<br/>
Title Experiencia del Mercado de Valores Londinense en el Proceso de Desregulación Financiera / <br/>
Statement of responsibility Doctor Maurice de Bunsen Director para América Latina de Baring Brothers - Londres
Title Las Nuevas Realidades de la regulación bursátil en Colombia Intervención del Señor Presidente de la Bolsa de Valores de Medellín. /<br/><br/>
Statement of responsibility Doctor Jairo Escobar Padrón
Title Política de Regulación Bursátil en Colombia. / <br/><br/>
Statement of responsibility Ulpiano Ayala Viceministro Técnico de Hacienda y Crédito Público
Title Estructura y Características de las Firmas Comisionistas de Bolsa en un mercado desregulado. /
Statement of responsibility Dr José Miguel Barros. Gerente de inversiones Larrain Vial SA Firma Comisionista de la Bolsa de Comercio de Santiago de Chile<br/>
Title Panel con los Comisionistas de las tres Bolsas de Valores y los invitados especiales /
Statement of responsibility Dr Barros (Chile) y el Dr Bunsen (Inglaterra)
Title Intervención del Señor Presidente de la Bolsa de Occidente. /
Statement of responsibility Dr Julián Domínguez Rivera
Title Palabras de Clausura a cargo del Señor Ministro de Hacienda y Crédito Público. /
Statement of responsibility Dr Rudolf Hommes
650 14 - SUBJECT ADDED ENTRY--TOPICAL TERM
Topical term or geographic name entry element Bolsa de valores
9 (RLIN) 16255
General subdivision Ensayos, conferencias, etc.
Geographic subdivision Colombia
942 ## - ADDED ENTRY ELEMENTS (KOHA)
Source of classification or shelving scheme Dewey Decimal Classification
Koha item type Books
Existencias
Withdrawn status Lost status Source of classification or shelving scheme Damaged status Not for loan Collection code Home library Current library Date acquired Source of acquisition Full call number Barcode Date last seen Copy number Koha item type
    Dewey Decimal Classification     Non-fiction Biblioteca Pública José María del Castillo y Rada Biblioteca Pública José María del Castillo y Rada 04/15/2018 Donación 332.642 / E562b3 430003199 05/16/2024 Ej.1 Books